Statistiques concernant 10 plus grandes villes du Canada (par population)!!!

Cliquez ici pour prendre le quiz!

Statistiques générales

  • Ce quiz a été pris 82 fois
  • Le résultat moyen est 7 sur 10

Statistiques - réponses

PopulationProvinceRéponse% Correct
1 704 694QuébecMontréal
100%
2 731 854OntarioToronto
96%
934 243OntarioOttawa
91%
631 486Colombie-britanniqueVancouver
91%
1 239 220AlbertaCalgary
73%
932 546AlbertaEdmonton
69%
705 224ManitobaWinnipeg
68%
536 917OntarioHamilton
41%
721 599OntarioMississauga
26%
593 638OntarioBrampton
16%

Distribution des résultats

Percentile par nombre de réponses

% des personnes avec chaque résultat

Votre développement - résultats

Vous n’avez pas pris ce quiz